|
|
|
|
| LEADER |
00000nab a2200000 a 4500 |
| 001 |
vtls000714534 |
| 003 |
SK-MaSNL |
| 005 |
20260303101326.0 |
| 008 |
180206c1999 xo 0 slo |
| 015 |
|
|
|a SNBRB2000/03-04065
|
| 035 |
|
|
|a CLN000066701
|
| 040 |
|
|
|a SNKBUCL
|b slo
|c SNKBUCL
|e AACR2
|
| 041 |
0 |
|
|a slo
|
| 044 |
|
|
|a xo
|c SK
|
| 080 |
|
|
|a 72.011:7.05
|2 UDC-MRF-SK2
|
| 080 |
|
|
|a 7.05:72.011
|2 UDC-MRF-SK2
|
| 100 |
1 |
|
|a Pekárová, Adriena,
|d 1950-
|4 ain
|9 92886
|
| 245 |
1 |
0 |
|a Bariéry
|c Adriena Pekárová
|
| 300 |
|
|
|b Fotogr.
|
| 650 |
0 |
7 |
|a prostredie architektonické bezbariérové
|x navrhovanie
|2 snkbucl
|9 1112914
|
| 650 |
0 |
7 |
|a architektúra bezbariérová
|2 snkbucl
|9 1031489
|
| 655 |
|
7 |
|a články z novín a časopisov
|2 snkbucl
|9 267496
|
| 700 |
1 |
|
|a Samová, Mária,
|d 1946-
|4 aut
|4 uin
|9 114577
|
| 700 |
1 |
|
|a Čerešňová, Zuzana,
|d 1973-
|4 aut
|4 uin
|9 224182
|
| 773 |
0 |
|
|x 1335-034X
|t DE SIGN UM
|g Roč. 6, č. 3 (1999), s. 62-63
|
| 850 |
|
|
|a Slovenská národná knižnica v Martine
|
| 852 |
|
|
|a SNK
|b KIS3GCP
|
| 958 |
|
|
|a RBX
|
| 999 |
|
|
|c 1838136
|d 1840066
|